ՀՀ Գիտությունների ազգային ակադեմիայի հիմնարար գիտական գրադարան  =   Fundamental Scientific Library of NAS RA

Сверхвысокочастотные приборы / (Record no. 374086)

MARC details
000 -LEADER
fixed length control field 00857nam a2200217 a 4500
001 - CONTROL NUMBER
control field 001171463
003 - CONTROL NUMBER IDENTIFIER
control field AM-YeHGA
005 - DATE AND TIME OF LATEST TRANSACTION
control field 20250617152616.0
008 - FIXED-LENGTH DATA ELEMENTS--GENERAL INFORMATION
fixed length control field 160826s1977 ||| r 000 0 rus d
040 ## - CATALOGING SOURCE
Original cataloging agency AM-YeHGA
041 0# - LANGUAGE CODE
Language code of text/sound track or separate title rus
090 ## - LOCALLY ASSIGNED LC-TYPE CALL NUMBER (OCLC); LOCAL CALL NUMBER (RLIN)
-- 375969
100 1# - MAIN ENTRY--PERSONAL NAME
Personal name Гусев, А.А.
245 10 - TITLE STATEMENT
Title Сверхвысокочастотные приборы /
Statement of responsibility, etc. А.А. Гусев, Ю.А. Гусев; Казан. гос. ун-т им. В.И. Ульянова-Ленина.
260 ## - PUBLICATION, DISTRIBUTION, ETC.
Place of publication, distribution, etc. Казань :
Name of publisher, distributor, etc. Изд-во Казан. ун-та,
Date of publication, distribution, etc. 1977.
300 ## - PHYSICAL DESCRIPTION
Extent 76 с. :
Other physical details ил.
504 ## - BIBLIOGRAPHY, ETC. NOTE
Bibliography, etc. note Библиогр.: с. 75
653 0# - INDEX TERM--UNCONTROLLED
Uncontrolled term Сверхвысокочастотные приборы
700 1# - ADDED ENTRY--PERSONAL NAME
Personal name Гусев, Ю.А.
710 2# - ADDED ENTRY--CORPORATE NAME
Corporate name or jurisdiction name as entry element Казанский государственный университет им. В.И. Ульянова-Ленина
Holdings
Withdrawn status Lost status Source of classification or shelving scheme Damaged status Not for loan Collection Home library Current library Date acquired Total checkouts Full call number Barcode Date last seen Price effective from Koha item type Public note
    Universal Decimal Classification     General Fundamental Scientific Library Fundamental Scientific Library 11/01/2017   PII/409088 FL0423039 11/01/2017 11/01/2017 Գրքեր / Books 30 Days Loan


ՀՀ ԳԱԱ հիմնարար գիտական գրադարան
ՀՀ,Երևան 0019
Մարշալ Բաղրամյան 24/6
հեռախոս:(374-10) 52-47-50
Հետադարձ կապ

All site content, except where otherwise noted, is licensed under a
Creative Commons License